00934nam a2200253 a 4500001000800000005001700008008004100025041000800066044000700074050002600081245011300107260006600220300002500286500001100311505005200322650003100374650003700405700004100442700003800483902000800521942001100529999001500540952012500555BRL_96520190320210955.0291013s1956----mx-a######---#000-m#spa-# aspa amx 4aPM3991.Z77b.D67 195610aDos cuentos Mazatecoscversión castellana de Carlo Antonio Castro G. ; ilustrado por Carlos Jurado Delmar. aCiudad de las Casas, ChiapasbEdiciones ´Cuscatlania´c1956 a[12] p.bil.c28 cm. aAu23660 aContenido: Orto de Sol y Luna, Profeta del Sol.14aLiteratura mazateca92546114aCuentos mazatecosxtextos9254621 aCastro G., Carlo Antonioetr.9254631 aJurado Delmar, Carloseil.925464 aGRL 2lcccB c9777d9777 00104070aBRLbBRLd2013-10-29iAu2366l0oPM3991.Z77 .D67 1956 (Au2366)pGRL01042r2019-03-22 00:00:00w2019-03-22yB